Top Five Olympic Countries by Year - Statistics

General Stats
  • This quiz has been taken 1,344 times
  • The average score is 21 of 24
Answer Stats
# Answer % Correct
29 United States
100%
10 China
99%
9 France
99%
11 Great Britain
98%
7 Japan
98%
4 West Germany
98%
5 Australia
97%
2 EUA (Germany)
97%
10 Germany
97%
1 ROC
96%
6 Russia
96%
11 Italy
95%
1 Canada
93%
9 Soviet Union
92%
7 Sweden
89%
2 South Korea
88%
1 Greece
86%
5 Finland
77%
5 East Germany
74%
2 Belgium
73%
6 Hungary
72%
1 Romania
71%
1 Bulgaria
61%
3 Cuba
43%
No matching quizzes found
Score Distribution
Percent of People with Each Score
Percentile by Number Answered
Your Score History
You have not taken this quiz